[Event "Khanty-Mansiysk Governor Cup Rapid 18th"]
[Site "Khanty-Mansiysk"]
[Date "2022.11.27"]
[Round "6"]
[White "Savitskiy, Sergey"]
[Black "Riazantsev, Alexander"]
[Result "1-0"]
[WhiteElo "2408"]
[BlackElo "2626"]
[PlyCount "105"]
[EventDate "2022.11.26"]
[EventType "swiss (rapid)"]
[EventRounds "11"]
[EventCountry "RUS"]
[SourceTitle "CBM 211 Extra"]
[Source "ChessBase"]
[SourceDate "2023.01.31"]
[SourceVersion "1"]
[SourceVersionDate "2023.01.31"]
[SourceQuality "1"]

1. e4 c5 2. Nf3 e6 3. d4 cxd4 4. Nxd4 Nf6 5. Nc3 Nc6 6. Ndb5 Bc5 7. Bf4 0-0 8. Bc7 Qe7 9. Bd6 Bxd6 10. Qxd6 Qd8 11. 0-0-0 a6 12. Nd4 Ne7 13. h4 b5 14. h5 Ne8 15. Qg3 h6 16. e5 Bb7 17. Bd3 Nd5 18. Nxd5 Bxd5 19. f4 d6 20. f5 dxe5 21. Qxe5 Qf6 22. Rhe1 Qxe5 23. Rxe5 Nc7 24. fxe6 fxe6 25. g3 Rf2 26. a4 Rg2 27. Re3 Rh2 28. Re5 Rb8 29. axb5 axb5 30. b3 Rh3 31. Rg1 Kf7 32. Rf1+ Ke7 33. Rxd5 Nxd5 34. Nc6+ Kd6 35. Nxb8 Rxh5 36. Rf7 Rg5 37. Rd7+ Kc5 38. Na6+ Kd4 39. Nb4 Rxg3 40. Nxd5 exd5 41. Bxb5 h5 42. Bc6 Rg5 43. Kb2 Kc5 44. Ba8 h4 45. b4+ Kc4 46. b5 h3 47. b6 Rg6 48. Bxd5+ Kc5 49. b7 Rb6+ 50. Kc3 g5 51. Bh1 g4 52. Rd5+ Kc6 53. Rd4+ 1-0

[Event "Chigorin Memorial 29th"]
[Site "St Petersburg"]
[Date "2022.10.29"]
[Round "8"]
[White "Sharikov, Alexander"]
[Black "Savitskiy, Sergey"]
[Result "0-1"]
[WhiteElo "2151"]
[BlackElo "2408"]
[PlyCount "56"]
[EventDate "2022.10.22"]
[EventType "swiss"]
[EventRounds "9"]
[EventCountry "RUS"]
[SourceTitle "EXT 2024"]
[Source "ChessBase"]
[SourceDate "2023.10.10"]
[SourceVersion "1"]
[SourceVersionDate "2023.10.10"]
[SourceQuality "1"]

1. Nf3 Nf6 2. g3 b5 3. Bg2 Bb7 4. d4 e6 5. Bg5 d5 6. Qd3 a6 7. a4 b4 8. Nbd2 Nbd7 9. Ne5 Nxe5 10. dxe5 h6 11. Bxf6 gxf6 12. Qd4 c5 13. Qf4 Bg7 14. exf6 Qxf6 15. Qd6 Qe7 16. Nc4 dxc4 17. Bc6+ Kf8 18. Qxe7+ Kxe7 19. Bxb7 Ra7 20. Bf3 Bxb2 21. Rb1 c3 22. e3 Rd8 23. Rd1 Rad7 24. Rxd7+ Rxd7 25. Bd1 Rd2 26. h4 c4 27. h5 b3 28. cxb3 c2 0-1

[Event "Chigorin Memorial 29th"]
[Site "St Petersburg"]
[Date "2022.10.27"]
[Round "6"]
[White "Tsydypov, Zhamsaran"]
[Black "Savitskiy, Sergey"]
[Result "1-0"]
[WhiteElo "2534"]
[BlackElo "2408"]
[PlyCount "113"]
[EventDate "2022.10.22"]
[EventType "swiss"]
[EventRounds "9"]
[EventCountry "RUS"]
[SourceTitle "EXT 2024"]
[Source "ChessBase"]
[SourceDate "2023.10.10"]
[SourceVersion "1"]
[SourceVersionDate "2023.10.10"]
[SourceQuality "1"]

1. d4 d5 2. c4 e6 3. Nf3 Nf6 4. g3 Bb4+ 5. Bd2 Bd6 6. Bg2 0-0 7. Nc3 c6 8. Qc2 Nbd7 9. b3 dxc4 10. bxc4 e5 11. 0-0 exd4 12. Nxd4 Be5 13. Nf3 Bc7 14. e4 Ne5 15. Nxe5 Bxe5 16. Rab1 Re8 17. Ne2 Bg4 18. f3 Be6 19. Be3 Qa5 20. Rxb7 Reb8 21. Rb3 Bd6 22. Nd4 Bc5 23. Kh1 Bxd4 24. Bxd4 Rd8 25. Be3 Nd7 26. Rc3 Rab8 27. Rc1 Nc5 28. Bf1 Na6 29. Rb3 Nc5 30. Rxb8 Rxb8 31. Qc3 Qxc3 32. Rxc3 Rb1 33. Kg2 Rb2+ 34. Kg1 Nd7 35. Ra3 Rb1 36. Kg2 Rb2+ 37. Bf2 g5 38. h4 g4 39. f4 Nc5 40. Re3 Rxa2 41. f5 Bc8 42. h5 Kg7 43. Be2 f6 44. Bxg4 Kf7 45. h6 a5 46. Bh5+ Kf8 47. Ra3 Rb2 48. Kf3 Nxe4 49. Kxe4 Rxf2 50. Rxa5 Ke7 51. Ra7+ Bd7 52. Bf7 Re2+ 53. Kf3 Rd2 54. Be6 Ke8 55. Rxd7 Rxd7 56. Bxd7+ Kxd7 57. c5 1-0

[Event "Chigorin Memorial 29th"]
[Site "St Petersburg"]
[Date "2022.10.26"]
[Round "5"]
[White "Savitskiy, Sergey"]
[Black "Klachkou, Platon"]
[Result "1-0"]
[WhiteElo "2408"]
[BlackElo "2116"]
[PlyCount "52"]
[EventDate "2022.10.22"]
[EventType "swiss"]
[EventRounds "9"]
[EventCountry "RUS"]
[SourceTitle "EXT 2024"]
[Source "ChessBase"]
[SourceDate "2023.10.10"]
[SourceVersion "1"]
[SourceVersionDate "2023.10.10"]
[SourceQuality "1"]

1. e4 d6 2. d4 Nf6 3. Nc3 g6 4. Nf3 Bg7 5. Be2 0-0 6. 0-0 e6 7. h3 a6 8. a4 Nc6 9. Be3 b6 10. Qd2 Bb7 11. Bg5 Ne7 12. Bd3 d5 13. e5 Ne4 14. Bxe4 dxe4 15. Nh2 c5 16. Rfe1 Qxd4 17. Qc1 Nf5 18. Ng4 h6 19. Rd1 Qb4 20. Bf6 h5 21. Bxg7 Kxg7 22. Nf6 e3 23. fxe3 Qh4 24. e4 Nd4 25. Rf1 b5 26. Kh2 Nxc2 1-0

[Event "Chigorin Memorial 29th"]
[Site "St Petersburg"]
[Date "2022.10.23"]
[Round "2"]
[White "Akhmedov, David"]
[Black "Savitskiy, Sergey"]
[Result "0-1"]
[WhiteElo "2016"]
[BlackElo "2408"]
[PlyCount "56"]
[EventDate "2022.10.22"]
[EventType "swiss"]
[EventRounds "9"]
[EventCountry "RUS"]
[SourceTitle "EXT 2024"]
[Source "ChessBase"]
[SourceDate "2023.10.10"]
[SourceVersion "1"]
[SourceVersionDate "2023.10.10"]
[SourceQuality "1"]

1. Nf3 d5 2. e3 c5 3. c4 d4 4. b4 f6 5. exd4 cxd4 6. c5 Qd5 7. Qc2 Bf5 8. Bc4 Qxf3 9. Qa4+ Bd7 10. Qxd7+ Nxd7 11. gxf3 a5 12. Bd5 Rb8 13. a3 e5 14. d3 Ne7 15. Be6 b6 16. Nd2 axb4 17. axb4 Nc6 18. Bxd7+ Kxd7 19. b5 Nb4 20. c6+ Ke6 21. Ne4 Nc2+ 22. Ke2 Nxa1 23. Ba3 Nb3 24. Bxf8 Rhxf8 25. Rb1 Na5 26. Nd2 Rfc8 27. h4 Nxc6 28. bxc6 Rxc6 0-1

[Event "RUS-ch Blitz"]
[Site "Sochi"]
[Date "2022.10.14"]
[Round "3"]
[White "Savitskiy, Sergey"]
[Black "Alekseev, Evgeny V"]
[Result "1-0"]
[WhiteElo "2408"]
[BlackElo "2575"]
[PlyCount "67"]
[EventDate "2022.10.14"]
[EventType "swiss (blitz)"]
[EventRounds "13"]
[EventCountry "RUS"]
[SourceTitle "CBM 210 Extra"]
[Source "ChessBase"]
[SourceDate "2022.11.30"]
[SourceVersion "1"]
[SourceVersionDate "2022.11.30"]
[SourceQuality "1"]

1. e4 e5 2. Nf3 Nc6 3. d4 exd4 4. Nxd4 Nf6 5. Nxc6 bxc6 6. e5 Qe7 7. Qe2 Nd5 8. c4 Qb4+ 9. Nd2 Nf4 10. Qe3 Ne6 11. Bd3 Be7 12. 0-0 Bb7 13. Ne4 h5 14. Kh1 Qb6 15. Qe2 c5 16. Be3 h4 17. h3 Nd4 18. Qd2 Qe6 19. f4 f5 20. exf6 gxf6 21. Bxd4 cxd4 22. f5 Qc6 23. b4 a6 24. a4 a5 25. b5 Qb6 26. Rac1 c5 27. bxc6 Qxc6 28. c5 Qc7 29. Rfe1 Kf8 30. Bc4 Bc6 31. Qxd4 Rh6 32. Nd6 Rb8 33. Qg4 Rh8 34. Rxe7 1-0

[Event "Cheliabinsk Panchenko Memorial op-A"]
[Site "Cheliabinsk"]
[Date "2022.09.21"]
[Round "10"]
[White "Savitskiy, Sergey"]
[Black "Khegay, Dmitriy"]
[Result "0-1"]
[WhiteElo "2420"]
[BlackElo "2534"]
[PlyCount "40"]
[EventDate "2022.09.12"]
[EventType "swiss"]
[EventRounds "10"]
[EventCountry "RUS"]
[SourceTitle "CBM 210 Extra"]
[Source "ChessBase"]
[SourceDate "2022.11.30"]
[SourceVersion "1"]
[SourceVersionDate "2022.11.30"]
[SourceQuality "1"]

1. e4 e5 2. Nf3 Nc6 3. Nc3 Nf6 4. d4 Bb4 5. dxe5 Nxe4 6. Qd3 d5 7. exd6 0-0 8. a3 Bxc3+ 9. bxc3 Re8 10. Be3 Nxd6 11. 0-0-0 Bf5 12. Qd5 Qf6 13. Nd4 Rad8 14. h4 h6 15. Qf3 Qe7 16. Nxc6 bxc6 17. Bc5 Qe6 18. Bxd6 Be4 19. Qh5 Qa2 20. Bd3 Rxd6 0-1

[Event "Cheliabinsk Panchenko Memorial op-A"]
[Site "Cheliabinsk"]
[Date "2022.09.16"]
[Round "5"]
[White "Safin, Timur"]
[Black "Savitskiy, Sergey"]
[Result "0-1"]
[WhiteElo "2222"]
[BlackElo "2420"]
[PlyCount "78"]
[EventDate "2022.09.12"]
[EventType "swiss"]
[EventRounds "10"]
[EventCountry "RUS"]
[SourceTitle "CBM 210 Extra"]
[Source "ChessBase"]
[SourceDate "2022.11.30"]
[SourceVersion "1"]
[SourceVersionDate "2022.11.30"]
[SourceQuality "1"]

1. d4 d5 2. c4 dxc4 3. Nf3 a6 4. a4 Nc6 5. e3 Bg4 6. Bxc4 e6 7. h3 Bh5 8. Nc3 Nf6 9. 0-0 Bd6 10. Re1 0-0 11. g4 Bg6 12. e4 Nd7 13. Bg5 Be7 14. Bf4 Nb6 15. Bf1 Bd6 16. Bxd6 cxd6 17. d5 exd5 18. exd5 Nb4 19. a5 Nd7 20. Nd4 Nc5 21. Qd2 Rc8 22. f4 Bd3 23. Bg2 Qf6 24. Qe3 h6 25. g5 hxg5 26. fxg5 Qg6 27. Na2 Nc2 28. Nxc2 Bxc2 29. Nc3 Bf5 30. Re2 f6 31. h4 Rce8 32. Qg3 fxg5 33. hxg5 Rxe2 34. Nxe2 Ne4 35. Bxe4 Bxe4 36. Nc3 Bf3 37. Qh4 Rf5 38. Re1 Rxg5+ 39. Kf2 Qf6 0-1

[Event "Cheliabinsk Panchenko Memorial op-A"]
[Site "Cheliabinsk"]
[Date "2022.09.13"]
[Round "2"]
[White "Savitskiy, Sergey"]
[Black "Somkin, Kirill"]
[Result "1/2-1/2"]
[WhiteElo "2420"]
[BlackElo "2195"]
[PlyCount "240"]
[EventDate "2022.09.12"]
[EventType "swiss"]
[EventRounds "10"]
[EventCountry "RUS"]
[SourceTitle "CBM 210 Extra"]
[Source "ChessBase"]
[SourceDate "2022.11.30"]
[SourceVersion "1"]
[SourceVersionDate "2022.11.30"]
[SourceQuality "1"]

1. Nf3 d5 2. g3 Nd7 3. d4 Ngf6 4. Bg2 Nb6 5. Qd3 g6 6. a4 a5 7. 0-0 Bg7 8. b3 0-0 9. Ba3 Re8 10. Rc1 Nfd7 11. Bb2 c5 12. e3 cxd4 13. exd4 Nb8 14. Nc3 Nc6 15. Nb5 Bf5 16. Qe2 Bg4 17. h3 Bxf3 18. Qxf3 e5 19. dxe5 Nxe5 20. Bxe5 Rxe5 21. c3 Qe7 22. Rd1 Re8 23. Nd4 Nd7 24. Nc2 Nc5 25. Ne3 Nxb3 26. Rab1 Qa3 27. Rxd5 Qa2 28. Qd1 Nc5 29. Rxe5 Bxe5 30. Bd5 Qa3 31. Nc4 Qxc3 32. Rc1 Qd3 33. Qxd3 Nxd3 34. Rb1 Nc5 35. Nxa5 Rf8 36. Nc4 Bc7 37. Rb5 Nxa4 38. Rxb7 Nc3 39. Bc6 Bd8 40. Ne5 Kg7 41. Kf1 Bf6 42. Nd3 Rc8 43. Bf3 Kf8 44. h4 h5 45. Kg2 Bd4 46. Nb4 Bf6 47. Nc6 Ra8 48. Nb4 Rd8 49. Kf1 Rd2 50. Nc6 Rc2 51. Rd7 Rb2 52. Na5 Rb8 53. Nc4 Rd8 54. Rb7 Kg7 55. Kg2 Nd5 56. Be4 Ne7 57. Kf3 Rd4 58. Ne3 Rd8 59. Kg2 Rd2 60. Kf3 Rd8 61. Rc7 Rd4 62. Bb1 Rd2 63. Bc2 Rd6 64. Bb3 Rb6 65. Bc4 Rc6 66. Rb7 Rc5 67. Ke4 Re5+ 68. Kd3 Rc5 69. Bb3 Rc8 70. Ke4 Re8 71. Kf3 Rf8 72. Kg2 Rd8 73. Nc4 Rd4 74. Ne5 Bxe5 75. Rxe7 Rb4 76. Rxf7+ Kh6 77. Be6 Rb2 78. Rd7 Bg7 79. Bc4 Rb4 80. Rc7 Rb2 81. Bg8 Rd2 82. Rb7 Rd6 83. Kh3 Rf6 84. Kg2 Rd6 85. f3 Rd2+ 86. Kh3 Rd3 87. f4 Rd6 88. Re7 Rf6 89. Rd7 Rb6 90. Kg2 Ra6 91. Bc4 Rc6 92. Bd3 Bf6 93. Rf7 Rd6 94. Be4 Rb6 95. Kh3 Rd6 96. Kg2 Rb6 97. Rd7 Ra6 98. Kf3 Rb6 99. Bd3 Rc6 100. Rb7 Rd6 101. Bb5 Bd4 102. Bc4 Bg7 103. Rc7 Bf6 104. Kg2 Rd2+ 105. Kf3 Rd6 106. Bg8 Bg7 107. Ke4 Rd4+ 108. Ke3 Rd6 109. Rb7 Ra6 110. f5 gxf5 111. Kf4 Rf6 112. Rd7 Kg6 113. Bc4 Bh6+ 114. Kf3 Bf8 115. Rd5 Rd6 116. Rb5 Bh6 117. Rb7 Rf6 118. Bb5 Bf8 119. Be8+ Kh6 120. Bd7 Kg6 1/2-1/2

[Event "Novorossiysk Small Land op"]
[Site "Novorossiysk"]
[Date "2022.07.29"]
[Round "9"]
[White "Kryakvin, Dmitry"]
[Black "Savitskiy, Sergey"]
[Result "1/2-1/2"]
[WhiteElo "2523"]
[BlackElo "2414"]
[PlyCount "102"]
[EventDate "2022.07.21"]
[EventType "swiss"]
[EventRounds "9"]
[EventCountry "RUS"]
[SourceTitle "CBM 209 Extra"]
[Source "ChessBase"]
[SourceDate "2022.09.30"]
[SourceVersion "1"]
[SourceVersionDate "2022.09.30"]
[SourceQuality "1"]

1. Nf3 Nf6 2. c4 e6 3. Nc3 d5 4. d4 Be7 5. Bf4 0-0 6. e3 Nbd7 7. a3 c6 8. Rc1 Nh5 9. Be5 f6 10. Bg3 f5 11. Bd3 g6 12. 0-0 Nxg3 13. hxg3 a6 14. b4 b5 15. cxd5 cxd5 16. Qb3 Nb6 17. a4 bxa4 18. Nxa4 Nxa4 19. Qxa4 Bd7 20. Qb3 Bd6 21. Ne5 Bxe5 22. dxe5 Qb8 23. Qc3 Rc8 24. Qd4 Bb5 25. Rxc8+ Qxc8 26. Ra1 Bxd3 27. Qxd3 Qc4 28. Qxc4 dxc4 29. Kf1 Kf7 30. Ke2 Rb8 31. Ra4 c3 32. Kd3 Rc8 33. Ra2 Ke7 34. Kc2 Rc6 35. Ra3 Kd7 36. Rxc3 Rxc3+ 37. Kxc3 Kc6 38. Kb3 Kb5 39. Ka3 a5 40. bxa5 Kxa5 41. Kb3 Kb5 42. Kc3 Kc5 43. Kd3 Kd5 44. f4 h5 45. Kd2 Kc4 46. Kc2 Kb4 47. Kd3 Kb3 48. e4 Kb4 49. Kd4 Kb5 50. Kc3 Kc5 51. Kd3 Kb4 1/2-1/2

[Event "Novorossiysk Small Land op"]
[Site "Novorossiysk"]
[Date "2022.07.27"]
[Round "7"]
[White "Grachev, Boris V"]
[Black "Savitskiy, Sergey"]
[Result "1-0"]
[WhiteElo "2619"]
[BlackElo "2414"]
[PlyCount "33"]
[EventDate "2022.07.21"]
[EventType "swiss"]
[EventRounds "9"]
[EventCountry "RUS"]
[SourceTitle "CBM 209 Extra"]
[Source "ChessBase"]
[SourceDate "2022.09.30"]
[SourceVersion "1"]
[SourceVersionDate "2022.09.30"]
[SourceQuality "1"]

1. d4 Nf6 2. Nf3 g6 3. Nbd2 d5 4. b3 Bg7 5. Bb2 0-0 6. e3 c5 7. dxc5 Qa5 8. a3 Qxc5 9. b4 Qc7 10. c4 a5 11. b5 dxc4 12. Bxc4 Nfd7 13. Rc1 Qd6 14. Bxf7+ Kh8 15. Qc2 Nb6 16. Ne4 Qd8 17. Rd1 1-0

[Event "Novorossiysk Small Land op"]
[Site "Novorossiysk"]
[Date "2022.07.22"]
[Round "2"]
[White "Savitskiy, Sergey"]
[Black "Lebedev, Artem S"]
[Result "1-0"]
[WhiteElo "2414"]
[BlackElo "1926"]
[PlyCount "119"]
[EventDate "2022.07.21"]
[EventType "swiss"]
[EventRounds "9"]
[EventCountry "RUS"]
[SourceTitle "CBM 209 Extra"]
[Source "ChessBase"]
[SourceDate "2022.09.30"]
[SourceVersion "1"]
[SourceVersionDate "2022.09.30"]
[SourceQuality "1"]

1. c4 c5 2. Nc3 Nc6 3. Nf3 Nf6 4. d4 cxd4 5. Nxd4 g6 6. g3 Bg7 7. Bg2 0-0 8. 0-0 Nxd4 9. Qxd4 d6 10. Qd2 a6 11. b3 Qc7 12. Bb2 Bd7 13. Rac1 Bc6 14. Nd5 Bxd5 15. cxd5 Qd8 16. Rc4 Nd7 17. Bxg7 Kxg7 18. Rfc1 a5 19. Bh3 Nc5 20. Rh4 h5 21. Rxh5 Rh8 22. Qd4+ f6 23. Rxh8 Qxh8 24. Bg2 Kf7 25. h4 f5 26. Qe3 Qf6 27. a3 b5 28. b4 axb4 29. axb4 Na6 30. Qf4 Qe5 31. Qd2 Qh8 32. e4 Rc8 33. Rc6 Nb8 34. Rxc8 Qxc8 35. h5 Qh8 36. hxg6+ Kxg6 37. exf5+ Kf7 38. Qe2 Qa1+ 39. Bf1 Nd7 40. Qxb5 Ne5 41. Qe2 Qd4 42. b5 Qxd5 43. Bg2 Qd4 44. Qh5+ Kg7 45. Bf3 Kf6 46. Qh6+ Kf7 47. Bh5+ Kg8 48. Qe6+ Kf8 49. f6 exf6 50. Qxf6+ Kg8 51. Qg5+ Kh8 52. Qe3 Qa1+ 53. Kg2 Qa4 54. Be2 Kg7 55. f4 Qa8+ 56. Kf2 Nf7 57. b6 d5 58. Qd4+ Kg8 59. Qb4 d4 60. b7 1-0

[Event "Novorossiysk Small Land Rapid op"]
[Site "Novorossiysk"]
[Date "2022.07.19"]
[Round "5"]
[White "Gabitov, Ruslan"]
[Black "Savitskiy, Sergey"]
[Result "0-1"]
[WhiteElo "2150"]
[BlackElo "2414"]
[PlyCount "97"]
[EventDate "2022.07.18"]
[EventType "swiss (rapid)"]
[EventRounds "11"]
[EventCountry "RUS"]
[SourceTitle "EXT 2023"]
[Source "ChessBase"]
[SourceDate "2022.10.05"]
[SourceVersion "1"]
[SourceVersionDate "2022.10.05"]
[SourceQuality "1"]

1. e4 c5 2. Nf3 Nc6 3. d4 cxd4 4. Nxd4 Nf6 5. Nc3 d6 6. g3 Bd7 7. Bg2 g6 8. 0-0 Bg7 9. Nce2 Rc8 10. b3 Nxd4 11. Nxd4 b5 12. Bb2 0-0 13. Qd3 Qb6 14. h3 Rc7 15. Rac1 Rfc8 16. Nf3 b4 17. Rfe1 Bb5 18. Qd1 Bh6 19. Bd4 Qa6 20. Be3 Bg7 21. Nd4 Be8 22. Bf1 Qb7 23. f3 e5 24. Ne2 d5 25. Kh2 dxe4 26. Ng1 Bc6 27. fxe4 Bxe4 28. Bc4 Bd5 29. Bd3 Ne4 30. Qe2 Nc3 31. Qf1 Rf8 32. Ne2 Nxa2 33. Ra1 e4 34. Rxa2 exd3 35. cxd3 a6 36. Nd4 Rc3 37. Rea1 Re8 38. Qf2 Rxd3 39. Re1 Rxd4 40. Bxd4 Rxe1 41. Qxe1 Bxd4 42. Qe2 Qb6 43. h4 Bg1+ 44. Kh3 Qe6+ 45. Qxe6 Bxe6+ 46. Kg2 Bd4 47. Rxa6 Bxb3 48. Ra8+ Kg7 49. Rg8+ 0-1

[Event "Novorossiysk Small Land Blitz"]
[Site "Novorossiysk"]
[Date "2022.07.17"]
[Round "12"]
[White "Gabitov, Ruslan"]
[Black "Savitskiy, Sergey"]
[Result "0-1"]
[WhiteElo "2150"]
[BlackElo "2414"]
[PlyCount "68"]
[EventDate "2022.07.17"]
[EventType "swiss (blitz)"]
[EventRounds "13"]
[EventCountry "RUS"]
[SourceTitle "CBM 209 Extra"]
[Source "ChessBase"]
[SourceDate "2022.09.30"]
[SourceVersion "1"]
[SourceVersionDate "2022.09.30"]
[SourceQuality "1"]

1. d4 d5 2. c4 dxc4 3. Nf3 a6 4. a4 Nc6 5. e3 Bg4 6. Bxc4 e6 7. 0-0 Nf6 8. Nc3 Bd6 9. h3 Bh5 10. Be2 0-0 11. Nd2 Bxe2 12. Qxe2 Nd5 13. Nce4 f5 14. Nxd6 cxd6 15. b3 Rf6 16. Nf3 Rg6 17. Kh1 Nf6 18. Bb2 Ne7 19. Rac1 Ned5 20. Nd2 Ne4 21. Nxe4 fxe4 22. Qh5 Qf6 23. Qe2 Qg5 24. Rg1 Qf5 25. Ba3 Rd8 26. Rc2 Rh6 27. Kh2 g5 28. g4 Qf7 29. Rgc1 Rf6 30. Rf1 Rf3 31. Kg2 h5 32. Kh2 hxg4 33. hxg4 Nf4 34. exf4 Qxf4+ 0-1

[Event "Novorossiysk Small Land Blitz"]
[Site "Novorossiysk"]
[Date "2022.07.17"]
[Round "9"]
[White "Khripachenko, Alexander"]
[Black "Savitskiy, Sergey"]
[Result "0-1"]
[WhiteElo "2157"]
[BlackElo "2414"]
[PlyCount "92"]
[EventDate "2022.07.17"]
[EventType "swiss (blitz)"]
[EventRounds "13"]
[EventCountry "RUS"]
[SourceTitle "CBM 209 Extra"]
[Source "ChessBase"]
[SourceDate "2022.09.30"]
[SourceVersion "1"]
[SourceVersionDate "2022.09.30"]
[SourceQuality "1"]

1. e4 c5 2. Nf3 d6 3. d4 cxd4 4. Nxd4 Nf6 5. f3 Nc6 6. c4 Nxd4 7. Qxd4 g6 8. Be3 Bg7 9. Nc3 0-0 10. Qd2 Be6 11. Rc1 Qa5 12. Nd5 Qxd2+ 13. Kxd2 Bxd5 14. cxd5 Rfc8 15. Rxc8+ Rxc8 16. g3 b6 17. Bh3 Rc7 18. Rc1 Ne8 19. Rc2 Kf8 20. a4 h5 21. Bf1 e6 22. dxe6 fxe6 23. b4 d5 24. exd5 exd5 25. Bd3 Kf7 26. Rxc7+ Nxc7 27. Bf4 Ne6 28. Bb8 Bf8 29. Bxa7 Bxb4+ 30. Ke2 Bc5 31. Bb8 Nd4+ 32. Kd1 Nxf3 33. h3 Ng5 34. h4 Ne4 35. Ke2 Nc3+ 36. Kf3 Nxa4 37. g4 hxg4+ 38. Kxg4 Nc3 39. Be5 Ne4 40. Kf4 Be7 41. Kg4 Ke6 42. Bd4 Bc5 43. Bxe4 dxe4 44. Bc3 Be7 45. Kf4 Kd5 46. Kg4 b5 0-1